[Event "Hessenliga 1921"]
[Site "Hessen"]
[Date "2021.09.05"]
[Round "9.8"]
[White "Reinhard, Stefan"]
[Black "Schmidt, Max"]
[Result "1-0"]
[WhiteElo "1986"]
[BlackElo "1976"]
[PlyCount "67"]
[EventDate "2019.09.22"]
[EventType "team-tourn"]
[EventRounds "9"]
[EventCountry "GER"]
[SourceTitle "EXT 2024"]
[Source "ChessBase"]
[SourceDate "2023.10.10"]
[SourceVersion "1"]
[SourceVersionDate "2023.10.10"]
[SourceQuality "1"]
[WhiteTeam "Dettingen"]
[BlackTeam "Frankfurt TV"]
[WhiteTeamCountry "GER"]
[BlackTeamCountry "GER"]

1. e4 c5 2. Nf3 g6 3. Nc3 Bg7 4. Bc4 Nc6 5. a3 e6 6. 0-0 Nge7 7. Re1 d6 8. Rb1 0-0 9. d3 h6 10. Bf4 a6 11. Qc1 Kh7 12. Nd1 d5 13. Ba2 d4 14. b4 e5 15. Bd2 cxb4 16. axb4 b5 17. h3 Qd6 18. Nh2 f5 19. f4 Bb7 20. Nf2 Rac8 21. Nf3 Rfe8 22. fxe5 Nxe5 23. Nxe5 Bxe5 24. Bxh6 Bh2+ 25. Kh1 Bg3 26. Rf1 Nc6 27. Ng4 Nxb4 28. Rxb4 Qxb4 29. Nf6+ Kh8 30. Qg5 Qd6 31. Qxg6 Re7 32. Bf7 Rxf7 33. Qxf7 Qc7 34. Bg7# 1-0

[Event "Heusenstamm Sparkassen op-A 6th"]
[Site "Heusenstamm"]
[Date "2019.11.24"]
[Round "6"]
[White "Reinhard, Stefan"]
[Black "Rabiya, Karim"]
[Result "1/2-1/2"]
[WhiteElo "1986"]
[BlackElo "1816"]
[PlyCount "93"]
[EventDate "2019.11.21"]
[EventType "swiss"]
[EventRounds "7"]
[EventCountry "GER"]
[SourceTitle "CBM 194 Extra"]
[Source "ChessBase"]
[SourceDate "2020.03.31"]
[SourceVersion "1"]
[SourceVersionDate "2020.03.31"]
[SourceQuality "1"]

1. e4 Nf6 2. e5 Nd5 3. d4 d6 4. Bb5+ Bd7 5. Bxd7+ Qxd7 6. Nf3 g6 7. 0-0 Bg7 8. Re1 0-0 9. c4 Nb6 10. b3 e6 11. Bb2 d5 12. c5 Nc8 13. Nbd2 b5 14. a4 a5 15. axb5 Qxb5 16. Qe2 c6 17. Bc3 Ne7 18. Qxb5 cxb5 19. Rxa5 Rxa5 20. Bxa5 Nbc6 21. Bc3 b4 22. Bb2 Na5 23. Ra1 Nec6 24. Kf1 h5 25. Ke2 Bh6 26. Kd3 Kg7 27. h4 Rg8 28. Rb1 Kf8 29. Kc2 Ke7 30. Nf1 Kd7 31. Bc1 Bxc1 32. Rxc1 Ra8 33. Ra1 Rb8 34. Ng3 Kc7 35. Ne2 Kb7 36. Ne1 Ra8 37. Nd3 Nxb3 38. Rxa8 Nbxd4+ 39. Nxd4 Nxd4+ 40. Kb2 Kxa8 41. Nxb4 Kb7 42. Kc3 Nf5 43. g3 Kc7 44. Kd3 Ne7 45. Kc3 Nf5 46. Kd3 Ne7 47. Kc3 1/2-1/2

[Event "Heusenstamm Sparkassen op-A 6th"]
[Site "Heusenstamm"]
[Date "2019.11.23"]
[Round "4"]
[White "Reinhard, Stefan"]
[Black "Altenbernd, Dirk"]
[Result "1/2-1/2"]
[WhiteElo "1986"]
[BlackElo "1836"]
[PlyCount "35"]
[EventDate "2019.11.21"]
[EventType "swiss"]
[EventRounds "7"]
[EventCountry "GER"]
[SourceTitle "CBM 194 Extra"]
[Source "ChessBase"]
[SourceDate "2020.03.31"]
[SourceVersion "1"]
[SourceVersionDate "2020.03.31"]
[SourceQuality "1"]

1. e4 g6 2. d4 Bg7 3. Nc3 c6 4. Be3 d5 5. Qd2 dxe4 6. Nxe4 Nd7 7. Nf3 Ngf6 8. Nfg5 Nxe4 9. Nxe4 Nf6 10. Nxf6+ Bxf6 11. c3 Be6 12. Be2 0-0 13. 0-0 b5 14. a4 a6 15. b4 Bd5 16. Bd3 Bg7 17. f4 f5 18. a5 1/2-1/2

[Event "Hessenliga 1617"]
[Site "Hessen"]
[Date "2016.10.09"]
[Round "2.7"]
[White "Mueller, Horst"]
[Black "Reinhard, Stefan"]
[Result "1-0"]
[WhiteElo "2180"]
[BlackElo "2064"]
[PlyCount "133"]
[EventDate "2016.09.18"]
[EventType "team-tourn"]
[EventRounds "9"]
[EventCountry "GER"]
[SourceTitle "EXT 2018"]
[Source "ChessBase"]
[SourceDate "2017.10.13"]
[SourceVersion "1"]
[SourceVersionDate "2017.10.13"]
[SourceQuality "1"]
[WhiteTeam "Offenbach"]
[BlackTeam "Dettingen"]
[WhiteTeamCountry "GER"]
[BlackTeamCountry "GER"]

1. d4 g6 2. c4 Bg7 3. Nc3 Nf6 4. e4 d6 5. f3 Nbd7 6. Be3 e5 7. Nge2 0-0 8. Qd2 exd4 9. Nxd4 Ne5 10. Be2 Be6 11. b3 Nc6 12. 0-0 Qe7 13. Rac1 Nd7 14. Nd5 Bxd5 15. cxd5 Nxd4 16. Bxd4 Bxd4+ 17. Qxd4 Nb6 18. a4 Rfc8 19. Rc2 Nd7 20. Rfc1 Nc5 21. Bc4 a5 22. Re2 Qe5 23. Qd2 Re8 24. Rce1 Re7 25. f4 Qf6 26. e5 Qf5 27. g3 b6 28. exd6 Rxe2 29. Qxe2 cxd6 30. Qe7 Qd7 31. Qxd7 Nxd7 32. Re7 Nc5 33. Rc7 Rf8 34. Rc6 Rd8 35. Rxb6 Kg7 36. Rb5 Ra8 37. Kf2 Kf6 38. Kf3 h6 39. Rb6 Ke7 40. Ke3 Kd7 41. Kd4 f6 42. Bb5+ Ke7 43. Bc6 Ra7 44. Kc4 f5 45. Rb8 Kf6 46. Rd8 Ke7 47. Rh8 Kf6 48. b4 axb4 49. Kxb4 Re7 50. Re8 Ra7 51. a5 Kf7 52. Rd8 Ke7 53. Rh8 Kf6 54. Kb5 Re7 55. Rf8+ Kg7 56. Rd8 Re2 57. Rxd6 Ne4 58. Rd8 Rb2+ 59. Kc4 Ra2 60. Ra8 Rxh2 61. a6 Ra2 62. Kd4 Kf6 63. a7 Kg7 64. Ke5 Ra5 65. Ke6 Nxg3 66. d6 Ne4 67. Bxe4 1-0

[Event "Hessenliga 1516"]
[Site "Germany"]
[Date "2016.02.01"]
[Round "6.8"]
[White "Nothnagel, Markus"]
[Black "Reinhard, Stefan"]
[Result "1/2-1/2"]
[WhiteElo "2241"]
[BlackElo "2064"]
[PlyCount "35"]
[EventDate "2015.09.27"]
[EventType "team-tourn"]
[EventRounds "9"]
[EventCountry "GER"]
[SourceTitle "EXT 2018"]
[Source "ChessBase"]
[SourceDate "2017.10.13"]
[SourceVersion "1"]
[SourceVersionDate "2017.10.13"]
[SourceQuality "1"]
[WhiteTeam "Griesheim II"]
[BlackTeam "Dettingen"]
[WhiteTeamCountry "GER"]
[BlackTeamCountry "GER"]

1. b3 e5 2. Bb2 Nc6 3. Nf3 e4 4. Nd4 Qf6 5. Nxc6 Qxb2 6. Nc3 dxc6 7. a3 e3 8. Ra2 exf2+ 9. Kxf2 Qxa3 10. Rxa3 Bxa3 11. e3 Nf6 12. Be2 Bb4 13. Bf3 Bf5 14. Ne2 0-0-0 15. c3 Bd6 16. Nd4 Bd3 17. b4 h5 18. Qa4 1/2-1/2

[Event "Hessen-ch op-A"]
[Site "Frankfurt Sossenheim"]
[Date "2015.??.??"]
[Round "1"]
[White "Nagelsdiek, Ralf"]
[Black "Reinhard, Stefan"]
[Result "1-0"]
[WhiteElo "2009"]
[BlackElo "1829"]
[PlyCount "55"]
[EventDate "2015.05.13"]
[EventType "swiss"]
[EventRounds "7"]
[EventCountry "GER"]
[SourceTitle "EXT 2016"]
[Source "ChessBase"]
[SourceDate "2015.10.08"]
[SourceVersion "1"]
[SourceVersionDate "2015.10.08"]
[SourceQuality "1"]

1. c4 e5 2. g3 Nf6 3. Bg2 Nc6 4. e3 d5 5. cxd5 Nxd5 6. a3 g6 7. Ne2 Bg7 8. 0-0 0-0 9. d3 Nce7 10. e4 Nb6 11. Be3 Nc6 12. b4 a6 13. Nbc3 Be6 14. Rc1 Nd4 15. Bxd4 exd4 16. Na4 Nxa4 17. Qxa4 c6 18. f4 Qb6 19. f5 Bd7 20. Qb3 Be5 21. Rc5 Bd6 22. fxg6 hxg6 23. Rg5 Kg7 24. Nf4 Kh6 25. Qc4 a5 26. Qc1 Kh7 27. Rh5+ Kg7 28. Nd5 1-0

[Event "Hessen-ch op-A"]
[Site "Frankfurt Sossenheim"]
[Date "2015.??.??"]
[Round "2"]
[White "Reinhard, Stefan"]
[Black "Diez, Gerhard"]
[Result "0-1"]
[WhiteElo "1829"]
[BlackElo "1994"]
[PlyCount "116"]
[EventDate "2015.05.13"]
[EventType "swiss"]
[EventRounds "7"]
[EventCountry "GER"]
[SourceTitle "EXT 2016"]
[Source "ChessBase"]
[SourceDate "2015.10.08"]
[SourceVersion "1"]
[SourceVersionDate "2015.10.08"]
[SourceQuality "1"]

1. e4 e5 2. Nf3 Nc6 3. Bb5 a6 4. Bxc6 dxc6 5. d3 Qe7 6. Nc3 h6 7. Be3 Bg4 8. h3 Bxf3 9. Qxf3 Nf6 10. a3 Nd7 11. Qe2 g6 12. 0-0 Bg7 13. Qd2 0-0-0 14. b4 f5 15. f3 f4 16. Bf2 g5 17. Rfb1 h5 18. Kf1 g4 19. hxg4 hxg4 20. Ke2 Rh2 21. Rg1 Nb6 22. Raf1 Qe6 23. Bxb6 gxf3+ 24. Rxf3 cxb6 25. Kf1 Bf8 26. Qc1 a5 27. Qb2 axb4 28. axb4 Rd4 29. Na2 Qd7 30. Qb3 Qg4 31. Qf7 Rd8 32. Kf2 Bd6 33. Qf5+ Qxf5 34. exf5 Rdh8 35. c4 Kd8 36. Ke2 Ke7 37. Rf2 Ra8 38. Kf3 Rg8 39. Rd2 Rg3+ 40. Kf2 Rg5 41. d4 e4 42. Re2 e3+ 43. Kf3 Rg3+ 44. Ke4 Rh4 45. Kd3 Kf7 46. c5 bxc5 47. bxc5 Be7 48. Nc3 Rg8 49. Rb1 Rhg4 50. Rbb2 Rb8 51. Ne4 Rgg8 52. g3 fxg3 53. Rxe3 g2 54. Rxg2 Rxg2 55. Rf3 Ra8 56. Rf1 Ra3+ 57. Kc4 b5+ 58. cxb6 Rc2+ 0-1

[Event "Hessen-ch op-A"]
[Site "Frankfurt Sossenheim"]
[Date "2015.??.??"]
[Round "4"]
[White "Wolff, Peter"]
[Black "Reinhard, Stefan"]
[Result "0-1"]
[WhiteElo "2010"]
[BlackElo "1829"]
[PlyCount "86"]
[EventDate "2015.05.13"]
[EventType "swiss"]
[EventRounds "7"]
[EventCountry "GER"]
[SourceTitle "EXT 2016"]
[Source "ChessBase"]
[SourceDate "2015.10.08"]
[SourceVersion "1"]
[SourceVersionDate "2015.10.08"]
[SourceQuality "1"]

1. c4 g6 2. g3 Bg7 3. Bg2 c6 4. Nf3 Nf6 5. 0-0 d6 6. Nc3 Nbd7 7. e4 Ne5 8. Nxe5 dxe5 9. h3 Be6 10. d3 Qd7 11. Kh2 0-0 12. Qe2 h6 13. Be3 Nh7 14. f4 exf4 15. gxf4 f5 16. e5 Kf7 17. d4 Qc7 18. d5 Bc8 19. Rad1 e6 20. d6 Qd7 21. Qf3 Qd8 22. Qf2 g5 23. d7 Bxd7 24. Qd2 Ke8 25. Na4 Qc7 26. Qd6 Qxd6 27. Rxd6 gxf4 28. Bxf4 Rd8 29. Rfd1 Ke7 30. c5 Ng5 31. R6d3 Bc8 32. Rxd8 Rxd8 33. Re1 Rd4 34. Bxg5+ hxg5 35. b3 Bd7 36. Re2 Be8 37. Nb2 Bh5 38. Re1 Rd2 39. Nc4 Rxa2 40. Kg1 Kd7 41. Nd6 Re2 42. Ra1 Bxe5 43. Nxb7 Bxa1 0-1

[Event "Rhein Main op-A 14th"]
[Site "Bad Homburg"]
[Date "2011.06.23"]
[Round "3"]
[White "Wagner, Dirk"]
[Black "Reinhard, Stefan"]
[Result "0-1"]
[WhiteElo "2038"]
[BlackElo "1792"]
[PlyCount "76"]
[EventDate "2011.06.22"]
[EventType "swiss"]
[EventRounds "7"]
[EventCountry "GER"]
[SourceTitle "EXT 2012"]
[Source "ChessBase"]
[SourceDate "2011.11.24"]
[SourceVersion "1"]
[SourceVersionDate "2011.11.24"]
[SourceQuality "1"]

1. d4 Nf6 2. c4 c5 3. d5 d6 4. Nc3 g6 5. g3 Bg7 6. Bg2 Na6 7. Nf3 0-0 8. 0-0 Bg4 9. Ne1 Nc7 10. f3 Bd7 11. a4 Nfe8 12. e4 f5 13. Nd3 Rb8 14. Bg5 h6 15. Be3 a6 16. Qd2 b5 17. axb5 axb5 18. cxb5 Kh7 19. e5 Bxb5 20. Nxb5 Rxb5 21. f4 Qb8 22. Ra4 Na8 23. Rc1 Nec7 24. b4 Nb6 25. Ra5 Rxa5 26. bxa5 Nbxd5 27. Bf2 Qb3 28. Bxc5 dxc5 29. Nxc5 Qa3 30. a6 Rb8 31. Bxd5 Nxd5 32. a7 Ra8 33. Rc2 Nb4 34. Rc4 Na6 35. Ne6 Rxa7 36. Rc8 Nb4 37. Kg2 Qb3 38. Nxg7 Ra2 0-1

[Event "Landesliga Nord 0304"]
[Site "Bayern"]
[Date "2003.11.02"]
[Round "2.8"]
[White "Reinhard, Stefan"]
[Black "Kuzmin, Boris"]
[Result "1-0"]
[WhiteElo "1874"]
[BlackElo "1328"]
[PlyCount "65"]
[EventDate "2003.10.??"]
[EventType "team"]
[EventRounds "9"]
[EventCountry "GER"]
[SourceTitle "EXT 2006"]
[Source "ChessBase"]
[SourceDate "2005.11.24"]
[SourceVersion "1"]
[SourceVersionDate "2005.11.24"]
[SourceQuality "1"]
[WhiteTeam "Dettingen"]
[BlackTeam "Bamberg II"]
[WhiteTeamCountry "GER"]
[BlackTeamCountry "GER"]

1. e4 e6 2. d4 d5 3. e5 c5 4. c3 Nc6 5. f4 Nh6 6. Nf3 cxd4 7. cxd4 Bb4+ 8. Nc3 0-0 9. Bd3 Qb6 10. a3 Be7 11. b4 Kh8 12. Ne2 a6 13. 0-0 f6 14. Kh1 Nf7 15. Qe1 a5 16. b5 Na7 17. a4 Bd7 18. Qh4 h6 19. g4 Qd8 20. Rg1 fxe5 21. Qh5 e4 22. g5 exd3 23. gxh6 Nxh6 24. Rg6 Rf6 25. f5 Qf8 26. Bxh6 gxh6 27. Nf4 Be8 28. Ne5 Bd6 29. Nxe6 Rxe6 30. fxe6 Kh7 31. Nf7 Bxf7 32. exf7 Rc8 33. Qf5 1-0

[Event "Regionalliga NW 9798"]
[Site "Bayern"]
[Date "1998.??.??"]
[Round "?.8"]
[White "Reinhard, Stefan"]
[Black "Eber, Helmut"]
[Result "1-0"]
[WhiteElo "1770"]
[BlackElo "1780"]
[PlyCount "63"]
[EventDate "1997.10.??"]
[EventType "team-tourn"]
[EventRounds "9"]
[EventCountry "GER"]
[SourceTitle "EXT 2020"]
[Source "ChessBase"]
[SourceDate "2019.10.17"]
[SourceVersion "1"]
[SourceVersionDate "2019.10.17"]
[SourceQuality "1"]
[WhiteTeam "Dettingen"]
[BlackTeam "Neustadt SV"]
[WhiteTeamCountry "GER"]
[BlackTeamCountry "GER"]

1. e4 d6 2. f4 Nf6 3. d3 g6 4. Nf3 Bg7 5. Nc3 0-0 6. h3 e5 7. g4 Nbd7 8. Qe2 Re8 9. f5 Nb6 10. Qg2 d5 11. h4 Qd6 12. h5 dxe4 13. dxe4 Bd7 14. hxg6 fxg6 15. Bg5 Bc6 16. Qh2 Nxe4 17. Qxh7+ Kf7 18. Nxe4 Bxe4 19. Rd1 Rh8 20. Rxd6 Rxh7 21. Bc4+ Nxc4 22. Rd7+ Kg8 23. Rxh7 Kxh7 24. Bf6 Bxf3 25. Rxg7+ Kh6 26. Rxg6+ Kh7 27. Rg7+ Kh6 28. Rg5 Kh7 29. Kf2 Bd5 30. Rg7+ Kh6 31. Kg3 Bg8 32. Kh4 1-0